| 000 | 00525nam a2200205Ia 4500 | ||
|---|---|---|---|
| 003 | GCL | ||
| 008 | 140319s9999 xx 000 0 eng d | ||
| 040 |
_aGCL / _cGCL |
||
| 082 | 0 | 4 |
_aP _b059 _bV R |
| 100 | 1 | _aDUBOIS OLIVER | |
| 245 | 1 | 0 |
_aREVUE DE LA PRESSE EGYTIENNE,21,22 27,28,29 32,33,36,37 / _cDUBOIS OLIVER |
| 700 | 1 | _aSALEH, ALIFA | |
| 700 | 1 | _aVATIN, J.C. | |
| 260 |
_a[S.N] : _bCEDEJ ، _c1998 |
||
| 650 | 0 | 4 | _aEGYPT |
| 650 | 0 | 4 | _aJOURNALISM |
| 650 | 0 | 4 | _aCEDER |
| 650 | 0 | 4 | _aEGYPTIAN PRESS |
| 942 |
_2ddc _cCR |
||
| 999 |
_c25864 _d25864 |
||